[Event "Salento op 5th"]
[Site "Gallipoli"]
[Date "2016.05.21"]
[Round "1"]
[White "Van Haastert, Edwin"]
[Black "Patavia, Antonio"]
[Result "1-0"]
[WhiteElo "2435"]
[BlackElo "2074"]
[PlyCount "63"]
[EventDate "2016.05.21"]
[EventType "swiss"]
[EventRounds "9"]
[EventCountry "ITA"]
[SourceTitle "EXT 2017"]
[Source "ChessBase"]
[SourceDate "2016.10.25"]
[SourceVersion "1"]
[SourceVersionDate "2016.10.25"]
[SourceQuality "1"]

1. e4 e6 2. d4 d5 3. Nc3 Nf6 4. e5 Ng8 5. f4 Ne7 6. Nf3 b6 7. Be3 Qd7 8. Be2 Ba6 9. 0-0 Nf5 10. Bf2 h5 11. h3 h4 12. Bxa6 Nxa6 13. Ne2 c5 14. c3 Be7 15. dxc5 bxc5 16. c4 0-0 17. Nc3 Rfd8 18. Qe2 Rab8 19. cxd5 exd5 20. Qxa6 Rxb2 21. Rab1 Rdb8 22. Rxb2 Rxb2 23. Nxd5 Qxd5 24. Qc8+ Bf8 25. Qxf5 c4 26. Ng5 g6 27. Qe4 Qxe4 28. Nxe4 Rxa2 29. Rc1 Be7 30. Rxc4 a5 31. Rc7 Bf8 32. Nf6+ 1-0

[Event "ITA-chTB 43rd"]
[Site "Sant'Anastasia"]
[Date "2011.03.26"]
[Round "3"]
[White "Patavia, Antonio"]
[Black "Cozzolino, Angelo"]
[Result "0-1"]
[WhiteElo "2065"]
[BlackElo "1931"]
[PlyCount "112"]
[EventDate "2011.03.25"]
[EventType "swiss"]
[EventRounds "7"]
[EventCountry "ITA"]
[SourceTitle "EXT 2014"]
[Source "ChessBase"]
[SourceDate "2013.11.20"]
[SourceVersion "1"]
[SourceVersionDate "2013.11.20"]
[SourceQuality "1"]

1. e4 e5 2. Nf3 Nf6 3. Nxe5 d6 4. Nf3 Nxe4 5. d4 d5 6. Bd3 Nc6 7. 0-0 Be7 8. Re1 Nf6 9. h3 0-0 10. Bg5 Re8 11. c3 Be6 12. Nbd2 h6 13. Bf4 Bd6 14. Ne5 Nd7 15. Ndf3 Qf6 16. Bg3 Bf5 17. Bxf5 Qxf5 18. Nh4 Qe6 19. Nxc6 Qxe1+ 20. Qxe1 Rxe1+ 21. Rxe1 bxc6 22. Bxd6 cxd6 23. Nf5 Kf8 24. Kf1 Rb8 25. b3 Nf6 26. f3 Rd8 27. Kf2 Ng8 28. Ke2 g6 29. Ne3 Kg7 30. Kd3 Kf6 31. Ng4+ Kf5 32. g3 h5 33. Ne3+ Kf6 34. Rb1 Ne7 35. c4 dxc4+ 36. bxc4 Rd7 37. Rb3 Nf5 38. Nxf5 Kxf5 39. Ra3 g5 40. Ke3 Re7+ 41. Kf2 Rb7 42. Ra5+ Kf6 43. Ke3 Rb4 44. c5 dxc5 45. Rxc5 Rb6 46. a4 Kg6 47. Ke4 f6 48. a5 Rb1 49. Rxc6 Re1+ 50. Kd3 Rd1+ 51. Ke3 Re1+ 52. Kd2 Ra1 53. Ra6 Ra3 54. Ke2 Kf5 55. g4+ Kf4 56. Rxf6+ Kg3 0-1

[Event "Sant' Anna op 10th"]
[Site "Pisignano di Vernole"]
[Date "2007.08.10"]
[Round "5"]
[White "Patavia, Antonio"]
[Black "Piscopo, Pierluigi"]
[Result "1/2-1/2"]
[WhiteElo "2079"]
[BlackElo "2392"]
[PlyCount "113"]
[EventDate "2007.08.07"]
[EventType "swiss"]
[EventRounds "7"]
[EventCountry "ITA"]
[SourceTitle "EXT 2009"]
[Source "ChessBase"]
[SourceDate "2008.11.26"]
[SourceVersion "1"]
[SourceVersionDate "2008.11.26"]
[SourceQuality "1"]

1. e4 c5 2. Nf3 Nc6 3. g3 g6 4. Bg2 Bg7 5. 0-0 d6 6. Re1 Nh6 7. h3 0-0 8. c3 e5 9. Na3 f5 10. d3 f4 11. gxf4 exf4 12. d4 cxd4 13. cxd4 g5 14. Nc4 Nf7 15. e5 dxe5 16. d5 Nb4 17. Nfxe5 Nxe5 18. Nxe5 Bf5 19. d6 Nc2 20. Bxb7 Nxe1 21. Qd5+ Kh8 22. Bxa8 Qe8 23. Bd2 Nc2 24. d7 Bxd7 25. Nxd7 Qxa8 26. Qxa8 Rxa8 27. Rc1 Nd4 28. Kf1 h6 29. Bc3 Rc8 30. Rd1 Ne6 31. Bxg7+ Kxg7 32. Rd2 f3 33. Kg1 Rc1+ 34. Kh2 Re1 35. Kg3 Re2 36. Rd6 Nf4 37. Kxf3 Rxb2 38. h4 Rxa2 39. hxg5 hxg5 40. Ne5 Nh3 41. Rg6+ Kh7 42. Kg4 Nxf2+ 43. Kxg5 Ne4+ 44. Kf4 Nc5 45. Rg1 a5 46. Ke3 Rc2 47. Kd4 a4 48. Nc4 Nb3+ 49. Kd3 Ra2 50. Kc3 Nc5 51. Rb1 Kg6 52. Kb4 Nd3+ 53. Kc3 Nf4 54. Rb2 Nd5+ 55. Kc2 Ra1 56. Rb1 Ra2+ 57. Rb2 1/2-1/2

[Event "Sant' Anna op 10th"]
[Site "Pisignano di Vernole"]
[Date "2007.08.08"]
[Round "2"]
[White "Patavia, Antonio"]
[Black "Isonzo, Davide"]
[Result "0-1"]
[WhiteElo "2079"]
[BlackElo "2356"]
[PlyCount "70"]
[EventDate "2007.08.07"]
[EventType "swiss"]
[EventRounds "7"]
[EventCountry "ITA"]
[SourceTitle "EXT 2009"]
[Source "ChessBase"]
[SourceDate "2008.11.26"]
[SourceVersion "1"]
[SourceVersionDate "2008.11.26"]
[SourceQuality "1"]

1. e4 c5 2. Nf3 e6 3. g3 Nf6 4. e5 Nd5 5. b3 Nc6 6. Bb2 Be7 7. Bg2 0-0 8. 0-0 d6 9. Na3 dxe5 10. Nxe5 Nxe5 11. Bxe5 f6 12. Bb2 e5 13. c3 Nc7 14. Nc4 Ne6 15. Re1 Rb8 16. Ne3 Re8 17. h4 Bf8 18. Be4 g6 19. Bd5 Kh8 20. d4 cxd4 21. cxd4 Nxd4 22. Bxd4 exd4 23. Qxd4 b6 24. Nc4 Rxe1+ 25. Rxe1 Bb7 26. Rd1 Bc5 27. Qd3 Ba6 28. Qf3 Qe7 29. h5 Rd8 30. hxg6 hxg6 31. Kg2 Kg7 32. Bc6 Rxd1 33. Qxd1 Bc8 34. Bf3 Qe6 35. Qd5 Qh3+ 0-1

[Event "Taranto op 1st"]
[Site "Taranto"]
[Date "2002.09.01"]
[Round "7"]
[White "Di Lascio, Savino"]
[Black "Patavia, Antonio"]
[Result "1/2-1/2"]
[WhiteElo "1918"]
[BlackElo "2099"]
[PlyCount "80"]
[EventDate "2002.08.29"]
[EventType "swiss"]
[EventRounds "7"]
[EventCountry "ITA"]
[SourceTitle "EXT 2007"]
[Source "ChessBase"]
[SourceDate "2006.11.23"]
[SourceVersion "1"]
[SourceVersionDate "2006.11.23"]
[SourceQuality "1"]

1. Nf3 Nf6 2. g3 g6 3. Bg2 Bg7 4. 0-0 0-0 5. d3 d6 6. c3 c5 7. e4 Nc6 8. Na3 Rb8 9. h3 e5 10. Nc2 h6 11. Be3 Qe8 12. a4 Kh7 13. Ra3 Nh5 14. b4 b6 15. Nh4 Bd7 16. Nf5 Bxf5 17. exf5 Ne7 18. Bc1 Nf6 19. fxg6+ fxg6 20. Bb2 Nf5 21. d4 e4 22. c4 d5 23. cxd5 Nxd5 24. bxc5 bxc5 25. Qa1 Nd6 26. Ne3 Nb4 27. dxc5 Nc2 28. Nxc2 Bxb2 29. Qd1 Bxa3 30. Nxa3 Nf5 31. Re1 Rb4 32. Nb5 Qe7 33. Qc2 a6 34. Nd6 Nxd6 35. cxd6 Qxd6 36. Bxe4 Rf7 37. Rd1 Qf6 38. Rd2 Kg7 39. Kg2 Re7 40. Bxg6 Rd4 1/2-1/2

[Event "Taranto op 1st"]
[Site "Taranto"]
[Date "2002.08.30"]
[Round "3"]
[White "Patavia, Antonio"]
[Black "Dragojlovic, Andjelko"]
[Result "0-1"]
[WhiteElo "2099"]
[BlackElo "2351"]
[PlyCount "94"]
[EventDate "2002.08.29"]
[EventType "swiss"]
[EventRounds "7"]
[EventCountry "ITA"]
[SourceTitle "EXT 2007"]
[Source "ChessBase"]
[SourceDate "2006.11.23"]
[SourceVersion "1"]
[SourceVersionDate "2006.11.23"]
[SourceQuality "1"]

1. e4 c5 2. Nf3 g6 3. d4 cxd4 4. Nxd4 Bg7 5. Be3 Nf6 6. Nc3 Nc6 7. f3 0-0 8. Bc4 Qb6 9. 0-0 Qxb2 10. Ncb5 Qb4 11. Qe2 Qa5 12. Rab1 d6 13. Rb3 a6 14. Ra3 Qd8 15. Nxc6 bxc6 16. Na7 Bd7 17. Rxa6 Qc7 18. Rb1 Rfb8 19. Rb3 d5 20. exd5 cxd5 21. Bd3 e5 22. Nb5 Bxb5 23. Bxb5 d4 24. Rc6 Qa5 25. Bg5 Nd5 26. a4 Nc3 27. Qc4 Nxb5 28. axb5 h6 29. Bh4 Qd2 30. Rb1 g5 31. Rc7 Qe3+ 32. Bf2 Qf4 33. Qc6 e4 34. fxe4 Be5 35. g3 Qf3 36. Re7 Bf6 37. Rb7 Rc8 38. Rc7 Rxc7 39. Qxc7 d3 40. cxd3 Ra2 41. Qc5 Qxd3 42. Re1 Rxf2 43. Qc8+ Kg7 44. Kxf2 Bd4+ 45. Kg2 Qd2+ 46. Kh3 Qxe1 47. Qf5 Bf6 0-1

[Event "Castellaneta op 3rd"]
[Site "Castellaneta"]
[Date "1999.08.31"]
[Round "5"]
[White "Patavia, Antonio"]
[Black "Lagumina, Giulio"]
[Result "0-1"]
[WhiteElo "2080"]
[BlackElo "2281"]
[PlyCount "68"]
[EventDate "1999.08.29"]
[EventType "swiss"]
[EventRounds "6"]
[EventCountry "ITA"]
[SourceTitle "EXT 2000"]
[Source "ChessBase"]
[SourceDate "1999.11.16"]
[SourceVersion "1"]
[SourceVersionDate "1999.11.16"]
[SourceQuality "1"]

1. e4 e5 2. Nf3 d6 3. d4 exd4 4. Nxd4 g6 5. Nc3 Bg7 6. Be3 Nf6 7. Qd2 0-0 8. 0-0-0 Re8 9. f3 Nc6 10. Be2 a6 11. h4 Ne5 12. Bh6 Bh8 13. Bg5 b5 14. g4 Bb7 15. h5 c5 16. Nf5 gxf5 17. gxf5 h6 18. Bxh6 Kh7 19. Bg5 b4 20. Nb1 Qa5 21. Qe1 d5 22. Qh4 Ned7 23. Rhg1 Qxa2 24. h6 c4 25. Be3 Ng4 26. Rd4 c3 27. bxc3 bxc3 28. Rxg4 Qb2+ 29. Kd1 Qxb1+ 30. Bc1 Bxd4 31. Rg7+ Bxg7 32. hxg7+ Kxg7 33. Qg5+ Kf8 34. f6 Re6 0-1

[Event "Porto San Giorgio op 11th"]
[Site "Porto San Giorgio"]
[Date "1999.08.23"]
[Round "4"]
[White "Patavia, Antonio"]
[Black "Rago, Riccardo"]
[Result "0-1"]
[WhiteElo "2080"]
[BlackElo "2175"]
[PlyCount "48"]
[EventDate "1999.08.20"]
[EventType "swiss"]
[EventRounds "9"]
[EventCountry "ITA"]
[SourceTitle "EXT 2000"]
[Source "ChessBase"]
[SourceDate "1999.11.16"]
[SourceVersion "1"]
[SourceVersionDate "1999.11.16"]
[SourceQuality "1"]

1. e4 c5 2. Nc3 Nc6 3. g3 g6 4. Bg2 Bg7 5. Nge2 d6 6. 0-0 e6 7. d3 Nge7 8. f4 0-0 9. Be3 Nd4 10. Qd2 Rb8 11. g4 f5 12. gxf5 exf5 13. Ng3 b5 14. Nd1 Bb7 15. c3 Ne6 16. Ne2 d5 17. e5 d4 18. cxd4 cxd4 19. Bf2 Bxg2 20. Kxg2 Qd5+ 21. Kg1 Kh8 22. h4 Bh6 23. b3 Nc6 24. Be1 Nxe5 0-1

[Event "Castellaneta op"]
[Site "Castellaneta"]
[Date "1998.??.??"]
[Round "1"]
[White "Patavia, Antonio"]
[Black "Vera Gonzalez Quevedo, Reynaldo"]
[Result "0-1"]
[WhiteElo "2095"]
[BlackElo "2535"]
[PlyCount "60"]
[EventDate "1998.??.??"]
[EventType "swiss"]
[EventRounds "6"]
[EventCountry "ITA"]
[SourceTitle "EXT 2000"]
[Source "ChessBase"]
[SourceDate "1999.11.16"]
[SourceVersion "1"]
[SourceVersionDate "1999.11.16"]
[SourceQuality "1"]

1. e4 c5 2. Nf3 d6 3. d4 cxd4 4. Nxd4 Nf6 5. Nc3 a6 6. Be3 Nbd7 7. f3 b5 8. Qd2 Bb7 9. a4 b4 10. Na2 e5 11. Nf5 d5 12. Nxb4 dxe4 13. Nd6+ Bxd6 14. Qxd6 exf3 15. Nc6 Bxc6 16. Qxc6 fxg2 17. Bxg2 Rc8 18. Qxa6 Rxc2 19. 0-0 Ng4 20. Qd3 Qh4 21. Bf4 exf4 22. Rae1+ Kd8 23. h3 Rxg2+ 24. Kxg2 Ne3+ 25. Rxe3 fxe3 26. Rxf7 Qxa4 27. Rxg7 Qc6+ 28. Kh2 Re8 29. Rg2 Qxg2+ 30. Kxg2 e2 0-1